Introduction Statistical Analysis (Record no. 5540)

MARC details
005 - DATE AND TIME OF LATEST TRANSACTION
control field 20250627080507.0
020 ## - INTERNATIONAL STANDARD BOOK NUMBER
International Standard Book Number 0070170738
082 ## - DEWEY DECIMAL CLASSIFICATION NUMBER
Classification number 519 DIX
100 ## - MAIN ENTRY--PERSONAL NAME
Author name WILDFRID,D.
245 ## - TITLE STATEMENT
Title Introduction Statistical Analysis
250 ## - EDITION STATEMENT
Edition statement 4th Ed.
260 ## - PUBLICATION, DISTRIBUTION, ETC.
Place of publication, distribution, etc. london
Name of publisher, distributor, etc. Mc Graw Hill,
Date of publication, distribution, etc. 1983
300 ## - PHYSICAL DESCRIPTION
Extent xv,678p.:ill.
Other physical details index
Dimensions 23cm.
700 ## - ADDED ENTRY--PERSONAL NAME
Other authors/Editors MASSEY,F.
942 ## - ADDED ENTRY ELEMENTS (KOHA)
Source of classification or shelving scheme Dewey Decimal Classification
Koha item type Books
Holdings
Date last seen Total checkouts Full call number Barcode Cost, replacement price Price effective from Koha item type Lost status Source of classification or shelving scheme Damaged status Not for loan Withdrawn status Home library Current library Shelving location Date acquired Source of acquisition Cost, normal purchase price
06/27/2025   519.5 DIX DOM000715 45000.00 06/27/2025 Books   Dewey Decimal Classification       CBE Dodoma CBE Dodoma General Collection 06/04/2002 Library budget 1500.00